[Event "ISR-ch"]
[Site "Jerusalem"]
[Date "1996.??.??"]
[Round "2"]
[White "Tyomkin, Dimitri"]
[Black "Shabtai, Ran"]
[Result "1/2-1/2"]
[WhiteElo "2430"]
[BlackElo "2325"]
[Annotator "Kantsler,B"]
[PlyCount "86"]
[EventDate "1996.10.26"]
[EventType "swiss"]
[EventRounds "9"]
[EventCountry "ISR"]
[SourceTitle "CBM 056"]
[Source "ChessBase"]
[SourceDate "1997.02.01"]
[SourceVersion "1"]
[SourceVersionDate "1997.02.01"]
[SourceQuality "1"]

1. d4 Nf6 2. c4 e6 3. Nf3 b6 4. Nc3 Bb4 5. Qc2 Bb7 6. a3 Bxc3+ 7. Qxc3 O-O 8.
g3 d6 9. Bg2 Nbd7 (9... Qe7 10. b3 c5 11. O-O Nc6 12. Bb2 Rfe8 13. d5 exd5 14.
cxd5 Nd4 15. Nxd4 cxd4 16. Qxd4 Qxe2 17. Rfd1 Rac8 18. Rd2 Qg4 $10 {Kanstler,
B-Finkel,A Beer Sheva 1996 1/2-1/2 23}) 10. O-O c5 (10... Qe7 11. b3 (11. b4 c5
12. Bb2 cxd4 $6 (12... Rfc8 13. Rfd1 d5 $13) 13. Qxd4 Rfc8 14. Rfd1 Ne8 15. e4
Rc7 16. Nd2 Rac8 17. Rac1 Qf6 18. Qxf6 Nexf6 19. f3 $14 {Kasparov,G-Andersson,
U Skelleftea 1989 1/2-1/2 32}) 11... Ne4 $6 12. Qc2 f5 13. Ng5 $1 Ndf6 14. Nh3
c5 $6 (14... Nd7 $32 15. f3 $14) 15. f3 cxd4 16. fxe4 Bxe4 17. Bxe4 Nxe4 $16 {
Mikhalevsky,A-Tunik,G Beer Sheva 1996 0:1 86}) 11. b3 (11. Rd1 Qe7 12. b3 cxd4
13. Nxd4 Bxg2 14. Kxg2 Rfc8 15. Qf3 Ne5 16. Qe3 Neg4 17. Qf4 Qb7+ 18. Qf3 d5
19. Kg1 Ne5 20. Qg2 Nc6 21. Nb5 Qa6 $6 (21... Qe7 $32) 22. Bb2 $14 {Gavrikov,V.
N-Kosten,A.C Palma de Mallarca (GMA) 48/716 1:0 46}) 11... Qe7 12. Bb2 cxd4 (
12... Rfc8 13. Rfd1 d5 $13) 13. Nxd4 (13. Qxd4 Nc5 $13) 13... Bxg2 14. Kxg2
Rac8 (14... Rfc8 $32) 15. Qe3 $5 {Nf5} d5 (15... Ne5 16. Rfd1 $16) 16. cxd5 (
16. Nf5 $2 Qd8 17. Nd6 Rc6 $17) 16... Nxd5 17. Qf3 Ne5 18. Qe4 (18. Nf5 $6 Nxf3
19. Nxe7+ Nxe7 20. Kxf3 Rc2 $10) 18... Nc6 19. Rac1 Qb7 $6 (19... Nxd4 $32 $14)
20. Kg1 Nxd4 21. Bxd4 Rxc1 $6 (21... Qe7 $32) 22. Rxc1 Rc8 23. Rc4 $1 Qd7 (
23... Rxc4 $4 24. bxc4 $18) (23... b5 $2 24. Qe5 $1 (24. Rxc8+ $2 Qxc8 25. Bxa7
Qc1+ $10) 24... Nf6 25. Rxc8+ Qxc8 26. Qxb5 $16) 24. Qg4 $1 g6 $8 (24... f5 $4
25. Rxc8+ $18) (24... f6 $2 25. Rxc8+ Qxc8 26. e4 $16) 25. Bb2 $2 (25. Qh4 $1 {
e4} Rxc4 (25... f5 $6 26. Bb2 $16) 26. bxc4 Nc7 $8 (26... Ne7 27. Qf6 Kf8 28.
Qg7+ Ke8 29. Qh8+ $18) 27. Qf6 Kf8 28. c5 $1 {29.Qh8 Ke7 30.Bf6#} (28. Qh8+ $6
Ke7 29. Bf6+ Kd6 30. Qxh7 Kc5 $13) 28... Ne8 29. Qh8+ Ke7 30. cxb6 axb6 31.
Bxb6 Qd1+ 32. Kg2 Qd5+ (32... Qxe2 $2 33. Qd4 Nd6 34. Qh4+ (34. Bc5 $18) 34...
f6 (34... Kd7 35. Qd8+ Kc6 36. Qc7+ Kd5 37. Qc5+ $18) (34... Kf8 35. Qd8+ Ne8
36. Bc5+ $18) 35. Qxh7+ $18) 33. f3 Qb5 34. Bf2 Qxe2 35. Qxh7 $16) 25... Rxc4
26. Qxc4 f6 $1 27. Qd3 (27. e4 Nf4 $1 28. Qf1 (28. gxf4 Qd1+ 29. Kg2 Qg4+ 30.
Kf1 Qd1+ $10) (28. Bxf6 Qd1+ 29. Qf1 Nh3+ 30. Kg2 Nf4+ $10 31. gxf4 Qg4+) 28...
Nh5 $10) 27... Qe7 28. Qd4 Kg7 29. Qa4 $6 (29. e4 $5 Nc7 30. Qa4 $14) 29... Qc7
30. Qe8 Qc2 $1 31. Qd7+ Kh6 32. Qxe6 Qxb2 33. Qxd5 Qxe2 34. Kg2 Qe7 35. a4 Kg7
36. h4 h5 37. Qc6 Qb4 (37... Kh7 $32 $10) 38. Qb7+ Kh6 39. Qa8 g5 $8 40. Qh8+
Kg6 41. Qg8+ Kh6 42. Qf7 Qe4+ 43. Kh2 Qd4 1/2-1/2

[Event "Olympiad-31"]
[Site "Moscow"]
[Date "1994.12.09"]
[Round "8.1"]
[White "Dao, Thien Hai"]
[Black "Serper, Grigory"]
[Result "1-0"]
[WhiteElo "2475"]
[BlackElo "2575"]
[Annotator "Kharitonov,A"]
[PlyCount "81"]
[EventDate "1994.12.01"]
[EventType "team-swiss"]
[EventRounds "14"]
[EventCountry "RUS"]
[SourceTitle "CBM 045"]
[Source "ChessBase"]
[SourceDate "1995.04.01"]
[SourceVersion "1"]
[SourceVersionDate "1995.04.01"]
[SourceQuality "1"]
[WhiteTeam "Vietnam"]
[BlackTeam "Uzbekistan"]
[WhiteTeamCountry "VIE"]
[BlackTeamCountry "UZB"]

1. d4 Nf6 2. c4 e6 3. Nc3 Bb4 4. Qc2 O-O 5. a3 Bxc3+ 6. Qxc3 b6 7. Bg5 c5 8.
dxc5 bxc5 9. e3 d6 10. Bd3 Nbd7 11. Ne2 Rb8 12. Rd1 (12. O-O Qb6 13. Rab1 a5 $1
(13... Qb3 $6 14. Bc2 Qxc3 15. Nxc3 Ba6 16. Rfd1 $16 {Kiriakov,P-Aseev,K/
Elista RUS-ch/1994/1:0/42/}) 14. b3 Bb7 15. f3 d5 $13) 12... Ne4 (12... Qb6 13.
Rd2 Ba6 14. Bf4 $1 $14 e5 15. Bg3 Qc6 16. O-O Rb6 17. Nc1 Bb7 18. f3 e4 $2 (
18... Re8 $5) 19. Bb1 $16 {Lautier,J-Timman,J/Wijk aan Zee/1994/0:1/63/}) 13.
Bxe4 Qxg5 14. b3 {N/} (14. Bc2 Qe7 15. O-O Rd8 $10) 14... Rb6 (14... Qe7 $5 15.
Qd3 Nf6 16. Bf3 Rd8) 15. O-O Ba6 $6 (15... Qe7 16. b4 Nf6 17. Bf3 cxb4 18. axb4
Bb7 19. Bxb7 Qxb7 $10) (15... Qe5 $5 16. Qc2 Nf6 17. Bf3 Bd7 $13) 16. Bc2 Qe7
17. Rd2 Nf6 (17... d5 18. Rfd1 Nf6 19. cxd5 exd5 20. Nf4 Bb7 $13) 18. e4 Bb7
$16 (18... e5 $5) 19. Ng3 (19. e5 Ne4 20. Bxe4 Bxe4 21. exd6 Rxd6 22. Rfd1 Rfd8
$10) 19... g6 $6 (19... Ng4 $5) 20. Re1 $6 (20. Rfd1 $5 e5 21. b4) (20. e5 $1
dxe5 21. Qxe5 $16) 20... Ng4 $6 (20... e5 21. Red1 Rc8 $1 22. b4 a6 {
/\Nf6-d7-f8-e6/}) 21. Red1 e5 22. h3 $6 (22. b4 $5) 22... Nf6 23. Qe3 Nd7 24.
Ne2 Rd8 $6 (24... Rc8 25. Nc3 Nf8 26. Na4 Ra6) 25. Nc3 Nf8 26. Na4 Rc6 27. b4
$1 cxb4 (27... Ne6 28. bxc5 dxc5 29. Rxd8+ Nxd8 30. Nxc5 Rxc5 31. Rxd8+ Qxd8
32. Qxc5 Qd2 33. Qxe5 Qxc2 34. Qb8+ Kg7 35. Qxb7 Qc1+ 36. Kh2 Qf4+ $10) 28. c5
Ne6 $2 (28... bxa3 29. Qxa3 Ne6 30. Rxd6 (30. cxd6 Qg5 $17) 30... Rcxd6 31.
Rxd6 Rxd6 32. cxd6 Qd8) 29. axb4 Nd4 (29... dxc5 30. Rxd8+ Nxd8 31. Nxc5 Bc8
32. Bb3 $14) 30. Rxd4 $1 exd4 31. Qxd4 $16 a6 (31... Ba6 32. Nc3 $16) (31...
Rcc8 32. cxd6 Rxd6 33. Qxd6 Qxd6 34. Rxd6 Rxc2 35. Nc5 $18) 32. Nb6 Qg5 (32...
Rxb6 33. cxb6 $18) 33. Nc4 Rc7 34. cxd6 $18 Rcc8 35. Bb3 Qf4 36. Ne5 $1 Qxe4
37. Qxe4 Bxe4 38. Nxf7 Kg7 (38... Rf8 39. d7 $18) 39. d7 Rb8 40. Nxd8 Rxd8 41.
Ba4 1-0

[Event "RUS-ch"]
[Site "Elista"]
[Date "1994.??.??"]
[Round "1"]
[White "Kiriakov, Petr"]
[Black "Aseev, Konstantin N"]
[Result "1-0"]
[WhiteElo "2475"]
[BlackElo "2540"]
[Annotator "Kharitonov,A"]
[PlyCount "83"]
[EventDate "1994.09.??"]
[EventType "swiss"]
[EventRounds "11"]
[EventCountry "RUS"]
[SourceTitle "CBM 044"]
[Source "ChessBase"]
[SourceDate "1995.02.01"]
[SourceVersion "1"]
[SourceVersionDate "1995.02.01"]
[SourceQuality "1"]

1. d4 Nf6 2. c4 e6 3. Nc3 Bb4 4. Qc2 O-O 5. a3 Bxc3+ 6. Qxc3 b6 7. Bg5 c5 (7...
h6 8. Bh4 c5 9. dxc5 bxc5 10. e3 d6 11. Bd3 Nbd7 12. Ne2 (12. Nf3 Bb7 13. O-O
a5 14. Nd2 Ra6 15. Rad1 Qa8 16. f3 Rb6 17. Nb1 $13 {Lautier,J-Epishin,V/FRA/
1994/1:0/60/}) 12... Qb6 13. Rd1 Ba6 $5 14. O-O Rfc8 15. Rd2 d5 16. Rfd1 Rab8
17. Qc2 $14 {Lautier,J-Epishin,V/Las Palmas/1994/1:0/54/}) (7... Bb7 8. e3 c5
9. dxc5 bxc5 10. f3 a5 11. Nh3 h6 12. Bh4 a4 $5 13. O-O-O Re8 14. Be2 e5 15.
Nf2 Qb6 $13 {Lautier,J-Karpov,A/Las Palmas/1994/1:0/31/}) 8. dxc5 bxc5 9. e3 d6
10. Bd3 Nbd7 11. Ne2 Rb8 $146 (11... h6 12. Bh4 Rb8 13. Bg3 Rb6 $6 (13... Qb6
14. O-O Nh5 15. Rab1 Nxg3 16. hxg3 Ne5 17. Bc2 Ba6 18. b3 Qc7 19. Rfe1 $14 {
Sokolov,I-Kamsky,G/Madrid/1994/0,5/61/}) 14. O-O Nh5 15. b4 Nxg3 16. hxg3 Qf6
17. b5 Qxc3 18. Nxc3 Rd8 19. Rfd1 $16 {Sokolov,I-Salov,V/Madrid/1994/1:0/54/})
12. O-O Qb6 13. Rab1 Qb3 $6 (13... a5 $5 14. b3 Bb7 15. f3 d5 $13) 14. Bc2 Qxc3
(14... Qb6 15. b4 $16) 15. Nxc3 Ba6 (15... Nb6 16. b3) 16. Rfd1 $1 Bxc4 (16...
Rb6 17. b3 Rfb8 18. Rd2 Kf8 19. Rbd1 Ne8 (19... Ke7 20. Ne4 $18) 20. Ne4 f6 21.
Nxd6 $18) 17. Rxd6 Rb6 $6 (17... Bb3 $32 18. Bd3 Ne5 19. Bb5 (19. Be2 Nc4 20.
Bxc4 Bxc4 21. Bxf6 gxf6 22. Ne4 f5 23. Nf6+ (23. Nxc5 Ba2 24. Rbd1 Rxb2 $10)
23... Kg7 24. Nd7 Rfd8 $13)) 18. Rxb6 $1 axb6 (18... Nxb6 19. Bxf6 gxf6 20. Ne4
Nd7 21. Rd1 Bd5 22. Nc3 Nb6 $14 (22... Bc6 $2 23. Be4 Ne5 24. Bxc6 Nxc6 25. Ne4
$16) (22... Nb6 23. e4 $16)) 19. Rd1 $14 Rb8 20. b3 Ba6 (20... Bd5 21. Bf4 Ra8
22. e4 Bb7 (22... Bc6 23. Rd6) 23. a4 {/\F3,Nb5+/-/}) 21. Bf4 Ra8 (21... e5 22.
Bg3 g6 23. Rd6 $16) 22. a4 Kf8 23. e4 $6 {><d4} (23. Bd6+ Ke8 24. b4 cxb4 25.
Bxb4 Rc8 $132) (23. g4 $5 Bb7 24. g5 Nd5 25. Bd6+ Kg8 26. Ne4 $14) 23... e5 24.
Be3 Ke7 25. f3 Rc8 26. g4 Nf8 (26... Bb7 $5 {/\Nf8-e6-d4}) 27. Bg5 (27. g5 N6d7
28. Nd5+ Ke8 $13) 27... Ke8 $4 (27... Bb7 $1 28. f4 (28. Nd5+ Bxd5 29. Rxd5 Ke6
30. Rd2 Ke7 31. Rd5 Ke6 $10) 28... Ne6 $13) 28. Bxf6 gxf6 29. Rd6 $18 Rd8 30.
Rxb6 Rd2 31. Rxa6 Rxc2 32. Nd5 Ne6 33. Ra8+ Kd7 34. Ra7+ Kc6 35. Rxf7 Nd4 36.
Rxf6+ Kb7 37. Rf7+ Ka6 38. b4 Rc1+ 39. Kg2 cxb4 (39... c4 40. b5+ Ka5 41. Ra7#)
40. Nxb4+ Ka5 41. Nd3 Rc2+ 42. Kh3 1-0

[Event "Leon-B"]
[Site "Leon"]
[Date "1996.??.??"]
[Round "8"]
[White "Lima, Darcy Gustavo Macha"]
[Black "Garcia Ilundain, David"]
[Result "0-1"]
[WhiteElo "2440"]
[BlackElo "2550"]
[Annotator "Kortschnoj,V"]
[PlyCount "66"]
[EventDate "1996.06.??"]
[EventType "tourn"]
[EventRounds "9"]
[EventCountry "ESP"]
[EventCategory "9"]
[SourceTitle "CBM 054"]
[Source "ChessBase"]
[SourceDate "1996.10.01"]
[SourceVersion "1"]
[SourceVersionDate "1996.10.01"]
[SourceQuality "1"]

1. d4 {Tsesarsky} Nf6 2. c4 e6 3. Nc3 Bb4 4. Qc2 O-O 5. a3 Bxc3+ 6. Qxc3 b6 7.
Bg5 h6 (7... Ba6 8. e3 d6 9. Qc2 $5 {1/2-1/2 Agrest,E-Kortschnoj,V/Malmo (03) ;
CBM 54_06 1996 (22)}) 8. Bh4 Ba6 (8... c5 {Tsesarsky} 9. dxc5 bxc5 10. e3 d6
11. Bd3 Nbd7 12. Nf3 (12. Ne2 Qb6 13. O-O Ba6) 12... Bb7 13. O-O a5 14. Nd2 $10
{Lautier,J-Epishin,V/FRA/1994/1:0/60/}) 9. e3 (9. Nf3 {Tsesarsky} d5 10. cxd5
exd5 11. Ne5 Qd6 12. Bxf6 Qxf6 13. g3 c5 14. Qf3 Qxf3 15. Nxf3 Nc6 16. dxc5
bxc5 17. e3 Bb7 18. Bg2 d4 $1 $10 {Sokolov,I-Costica,L/Maribor/1990/0,5/51/})
9... d6 (9... d5 $5 {Tsesarsky} 10. cxd5 Bxf1 11. Kxf1 exd5 12. Bxf6 Qxf6 13.
Ne2 Rc8 14. Rc1 c6 15. f3 Nd7 16. Kf2 Qd6 17. Qd2 Re8 18. Rc3 c5 $10 {Chekhov,
V-Costica,L/Pula op/1990/0,5/42/}) 10. Bd3 Nbd7 11. Ne2 (11. b4 $5) (11. Nf3 {
Tsesarsky} c5 12. O-O cxd4 13. exd4 Rc8) 11... c5 12. O-O $6 (12. b4 Rc8 (12...
cxd4 {Tsesarsky} 13. exd4 Rc8 14. Qb3 e5 15. f3 exd4 16. b5 Bb7 17. O-O Ne5 18.
Nxd4 d5 19. Bxf6 Qxf6 20. cxd5 Nd7 21. Qb4 Bxd5 22. Rad1 $10 {Flear,
G-Rozentalis,E/Chiasso op/1991/0,5/23/}) 13. Qb3 d5 14. b5 Bb7 15. O-O $10)
12... Rc8 13. Qb3 (13. b3 $5 {Tsesarsky} cxd4 (13... Ne4 14. Bxd8 Nxc3 15. Be7
Nxe2+ 16. Bxe2 $16) (13... Bb7 14. Bg3 Qe7 15. Rad1 d5 16. dxc5 Nxc5 17. Qb4
$10) 14. Qxd4 Qc7 15. Rfd1 Bb7 (15... d5 16. cxd5 e5 17. Qb2 $16 (17. Qa4 Bxd3
18. Rxd3 (18. Rac1 Bxe2 19. Rxc7 Rxc7 $17) 18... Qc2 19. Nc1 Qxc1+ $19)) 16.
Bg3 Qc6 17. f3 d5 $13) 13... d5 14. Bxf6 (14. Rac1 $2 {Tsesarsky} b5 $1 (14...
cxd4 $2 15. exd4 (15. Nxd4 $6 Ne5 16. Nb5 Nxd3 17. Qxd3 Rxc4 18. Rxc4 dxc4 19.
Qxc4 Qd5 20. Qxd5 Nxd5 21. a4 Rc8 $15) 15... dxc4 16. Bxc4 Rxc4 17. Rxc4 Bxc4
18. Qxc4 Qa8 19. Rc1 Qd5 $10) 15. cxb5 c4 16. Bxc4 dxc4 17. Rxc4 Rxc4 18. Qxc4
$17) (14. Qa4 $8 {Tsesarsky} Bxc4 15. Bxc4 dxc4 16. Qxc4 cxd4 17. Qxd4 $14 Rc2
$6 (17... Nc5) (17... g5 18. Bg3 Rc2 19. Rab1 e5 20. Qd3 Rc5 21. Rbc1 Rd5 22.
Qc2 $14) 18. Rab1 $1 Rc5 (18... Qa8 19. Nc3 $16) (18... Rxe2 $2 19. Qd3 $16)
19. Rfd1 $14) 14... Nxf6 (14... Qxf6 $5 15. Qa4 Nb8 $15) 15. Rfc1 $2 (15. dxc5
$142 Rxc5 16. cxd5 Bxd3 17. Qxd3 Qxd5 $15) (15. Qa4 $142 $8 {Tsesarsky} Bxc4
16. Bxc4 dxc4 17. Qxa7 (17. Qxc4 cxd4 18. Qxd4 Rc2 19. Rfd1 Qxd4 20. Nxd4 Rxb2
$17) 17... Ra8 18. Qb7 Qd6 (18... cxd4 19. Nxd4) 19. Rac1 $10) 15... b5 $1 $17
16. cxb5 c4 17. Bxc4 (17. Qa4 {Tsesarsky} cxd3 18. bxa6 dxe2 19. Re1 Rc4 20.
Qb3 Qb8 $19) 17... dxc4 18. Rxc4 (18. Qa4 {Tsesarsky} Bb7 19. Nf4 (19. Rxc4 $4
Qd5 $19) 19... Qb6 20. Rxc4 Rxc4 21. Qxc4 Rc8 22. Qe2 Be4 $17) 18... Qd5 19.
Rb4 (19. Rc3 {Tsesarsky} Rxc3 20. Qxc3 Qxb5 $19) 19... Bb7 20. Qxd5 Nxd5 21.
Rb3 (21. Ra4 $142 Rc2 22. Rxa7 Rb8 $17) 21... Rc2 22. Nc1 Rfc8 23. Nd3 Nxe3 $1
(23... g5 $17) 24. Ne1 (24. fxe3 {Tsesarsky} Rxg2+ 25. Kf1 Rxh2 26. Re1 Rcc2
$19) 24... Nxg2 25. Nxc2 Rxc2 26. b6 axb6 27. Rxb6 Bd5 28. a4 Nf4 29. a5 Nh3+
30. Kf1 Bf3 $1 $19 31. Rb3 Rxf2+ 32. Ke1 Re2+ 33. Kf1 Rxh2 (33... Rxh2 34. Rxf3
Rh1+ 35. Ke2 Rxa1 36. Ra3 (36. Rxh3 {Tsesarsky} Rxa5 $19) 36... Rxa3 37. bxa3
Nf4+ 38. Kd2 Nd5 $19) 0-1

[Event "Hyderabad WIPRO"]
[Site "Hyderabad"]
[Date "2000.07.22"]
[Round "7"]
[White "Vijayalakshmi, Subbaraman"]
[Black "Sorokin, Maxim"]
[Result "1-0"]
[WhiteElo "2378"]
[BlackElo "2541"]
[Annotator "Kortschnoj,V"]
[PlyCount "78"]
[EventDate "2000.07.16"]
[EventType "tourn"]
[EventRounds "11"]
[EventCountry "IND"]
[EventCategory "10"]
[SourceTitle "CBM 079"]
[Source "ChessBase"]
[SourceDate "2000.11.21"]
[SourceVersion "1"]
[SourceVersionDate "2000.11.21"]
[SourceQuality "1"]

1. d4 Nf6 2. c4 e6 3. Nc3 Bb4 4. Qc2 O-O 5. a3 Bxc3+ 6. Qxc3 Ne4 7. Qc2 f5 8.
g3 b6 9. Bg2 Bb7 10. Nf3 Nf6 11. d5 $5 {A typical push in the queen's indian,
but,strangely enough, it had never been played before. It is important to
mention, that after a "natural" 11.0-0 black plays Be4 and solves most of his
opening problems.} exd5 12. Nd4 Nc6 {By analogy with other queen's indian
variations, it seems to be the best move.} 13. Nxf5 dxc4 14. O-O $1 {
Remarkable: white is in a hurry to complete his development! After 14.Q:c4+ d5
or Kh8 black would be still a bit ahead in development.} d5 {Black is playing
for advantage. 16...Na5 looked more solid, trying after exchange of
light-squared bishops to reach an equal game.} 15. Bg5 Ne7 16. Rad1 c6 (16...
Nxf5 $5 17. Qxf5 c6 18. e4 (18. Be4 $2 Qd7 $17) 18... h6 (18... Qe8 19. exd5
Nxd5 20. Qg4 $44) 19. exd5 cxd5 20. Bxf6 Qxf6 21. Bxd5+ Bxd5 22. Qxd5+ Kh8 $11)
17. Nd4 Qd7 18. Bxf6 Rxf6 19. e4 $44 b5 20. e5 Rff8 21. f4 c5 {Here I would
prefer 21...Nf5 - just to change a pair of minor pieces.} 22. e6 Qe8 23. Nf3
Qg6 $2 {But this move is equal to a blunder!} (23... d4 $1 {was very strong.}
24. Ng5 {would be parred by} d3) 24. Qe2 Rae8 25. Nh4 Qf6 26. f5 Bc6 27. Rf4 a5
$2 {And here d5-d4 was absolutely necessary.} 28. Bf3 b4 29. Bh5 Rb8 30. Bf7+
Rxf7 (30... Kh8 31. Ng6+ Nxg6 (31... hxg6 32. Rh4+ $18) 32. fxg6 Qe7 33. Rh4 h6
34. Rxh6+ $18) 31. exf7+ Kxf7 32. Ng6 $1 bxa3 33. bxa3 c3 34. Ne5+ (34. Re1 $1
$16) 34... Kf8 35. Nxc6 $4 (35. Ng4 Qd6 36. f6 Ng6 37. fxg7+ Kxg7 38. Rf6 Qc7
39. Rdf1 d4 40. Qe6 $18) 35... Nxc6 36. Rxd5 Nd4 (36... Rb1+ 37. Rf1 $16 (37.
Rd1 Nd4 38. Rfxd4 Qxd4+ $19)) 37. Qc4 Qe7 38. Rf2 Qe1+ $4 {Presumably, both
players are in severe time trouble.} ({After} 38... c2 39. Rxc2 (39. Rxc5 Rb1+
40. Rf1 Rxf1+ 41. Kxf1 c1=Q+ 42. Qxc1 Qe2+ 43. Kg1 Nf3+) 39... Qe1+ 40. Kg2
Qe4+ 41. Kh3 Qxc2 42. Rxd4 Qxf5+ {black was winning.}) 39. Kg2 Qe4+ {As far as
I understand,black lost on time.} 1-0